Statistics for Most Urbanized Countries in the World

Click here to take the quiz!

General Stats

  • This quiz has been taken 390 times
  • The average score is 12 of 20

Answer Stats

Rank%Country% Correct
3100Monaco
91%
1100Vatican City
89%
4100Singapore
89%
1294Japan
87%
1094San Marino
86%
1690Luxembourg
86%
1591Netherlands
75%
798Belgium
74%
2089Bahrain
68%
599Qatar
67%
698Kuwait
66%
995Malta
62%
1392Israel
62%
1989Australia
59%
1194Iceland
50%
895Uruguay
29%
2100Nauru
28%
1492Argentina
28%
1790Chile
28%
1889Venezuela
12%

Score Distribution

Percentile by Number Answered

Percent of People with Each Score

Your Score History

You have not taken this quiz